000 00347nam a2200145Ia 4500
008 191201s2005 xx 000 0 und d
082 _a621.01
_bKUT
100 _aKULSHRESTHA, S K
245 0 _aThermal Engineering
250 _a2nd
260 _aN.Delhi
_bVikas Publication House
_c2005
300 _a-
650 _aB.Tech(ME)
942 _2ddc
_cBK
999 _c2192
_d2192